01066 a2200181 4500003000500000005001700005040000900022082001200031100002500043245007600068260004400144300001200188505048400200650004800684942001200732999001900744952012100763Nust20230314101009.0 cNust a368,WEL aJ. R. Welson9110224 aInsurance Organization and Management /cJ.B. Welson and F.H. Sherriff. aLondonbSir Issac and pitman sonsc1945 a302, p: aIntroductory (Page-1), Constitution of an Insurance Company (Page-4), The Office (Page-20), Office Systems (Page-37), Mechanization (Page-61), Office Organization (Page-88), Office Management (Page-102), Remuneration (Page-125), Officers of the Company (Page-139), Correspondence (Page-147), Branch Control and Audits (Page-168), Agency (Page-177), Secrtial matters (Page-191), The Life Departments (Page-219), The Fire Departments (Page-254), The Accident Department (Page-268). aInsurance orgnazation and mangament9110225 2ddccBK c185761d185761 00102ddc4070aMCSbMCScGENd2016-12-12o368,WELpMCS30021r2016-12-08w2016-12-12yBKzAlmirah No.74, Shelf No.3